000 00620nam a2200241Ia 4500
005 20260121111850.0
008 1458 260114s9999 xx 000 0 eng d
020 _a9789812776822
037 _aEBOOK
040 _aCRL
_beng
_cCRL
041 _aeng
_2eng
084 _qCRL
100 _aVath M
_9948539
245 0 _aIntegration Theory - a Second Course
260 _bWorld Scientific
260 _bWSPC
260 _c2002
650 _aMathematics
_9948540
856 _uhttps://www.worldscientific.com/worldscibooks/10.1142/5062#t=toc
942 _cEBOOK
999 _c1538758
_d1538758